000 005090000a22001810004500
003 LK-CoMWRAF
005 20230924082826.0
008 230817t ||||| |||| 00| 0 eng d
040 _aLK-CoMWRAF
_dLK-CoMWRAF
_eLK-CoMWRAF
041 _aeng
082 _a294.3
_bREV
245 _aThe Revolt in the Temple
260 _aColombo :
_bSinha Publishers,
_c1953
300 _a700p
500 _aComposed to commemorate 2500 years of the land, the race, and the faith
650 _aSri Lanka-Temple
942 _cBK
999 _c2513
_d2513